Michael Jackson lyrics - Statistics

General Stats
  • This quiz has been taken 776 times
  • The average score is 6 of 15
Answer Stats
Hint Answer % Correct
Bille Jean is __ my lover not
99%
I just ___ stop loving you can't
78%
_____ are you okay? Annie
72%
I'm asking him to ____ his ways change
67%
I want to _____ you PYT love
63%
You've been ___ by you've been struck by hit
60%
CAUSE THIS IS _____ Thriller
49%
____ this disco out burn
40%
My ___ loves me though she never shows she cares baby
33%
___ the 2 of us need look no more Ben
26%
Let that ____ get into you rhythm
20%
How does it feel when you're _____ inside cold
19%
I'm heading for the _______ border
15%
Our ____ in motion loves
3%
But don't ____ me here forever here
1%
No matching quizzes found
Score Distribution
Percent of People with Each Score
Percentile by Number Answered
Your Score History
You have not taken this quiz